Normal view MARC view

Entry Topical Term

Number of records used in: 1

001 - CONTROL NUMBER

  • control field: 26955

003 - CONTROL NUMBER IDENTIFIER

  • control field: OSt

005 - DATE AND TIME OF LATEST TRANSACTION

  • control field: 20210819161013.0

008 - FIXED-LENGTH DATA ELEMENTS

  • fixed length control field: 210819|| aca||aabn | a|a d

040 ## - CATALOGING SOURCE

  • Original cataloging agency: OSt
  • Transcribing agency: OSt

150 ## - HEADING--TOPICAL TERM

  • Topical term or geographic name entry element: Bahia, Brazil, Gangs, Police, Trafficking, Violence, Youth, Youth custody, Youth justice

670 ## - SOURCE DATA FOUND

  • Source citation: Work cat.: (OSt): Zoettl, Peter Anton 26954, It’s wrong, but that’s the way it is. Youth, violence and justice in north-eastern Brazil

Powered by Koha